City to Country - Sudden Death - Statistics

General Stats
  • This quiz has been taken 83 times
    56 since last reset
  • The average score is 6 of 16
Answers on the Grid
Answers color-coded by a green-red scale on the quiz's grid according to % correct below.
India - Hyderabad
Pakistan - Hyderabad
United Kingdom - Cork
Finland - Gothenburg
Poland - Lviv
Hungary - Bucharest
Uzbekistan - Tashkent
Australia - Hobart
New Zealand - Auckland
Bulgaria - Skopje
Iran - Batman
Armenia - Van
Costa Rica - San Juan
Panama - San José
United States - Chicago
Uruguay - Montevideo
Nigeria - Abuja
Algeria - Casablanca
Saudi Arabia - Jeddah
South Africa - Durban
Russia - Baikonur
Mongolia - Ulan-Ude
Brazil - Recife
Kenya - Mombasa
Indonesia - Bandung
Italy - Turin
Ethiopia - Asmara
North Korea - Pyongyang
Paraguay - Cochabamba
Kazakhstan - Shymkent
 
Answer Stats
Answer % Correct
North Korea - Pyongyang
73%
United States - Chicago
64%
Uruguay - Montevideo
58%
Italy - Turin
55%
New Zealand - Auckland
52%
Saudi Arabia - Jeddah
52%
Australia - Hobart
39%
India - Hyderabad
39%
South Africa - Durban
39%
Brazil - Recife
36%
Uzbekistan - Tashkent
33%
Nigeria - Abuja
33%
Kenya - Mombasa
21%
Pakistan - Hyderabad
21%
Indonesia - Bandung
18%
Kazakhstan - Shymkent
9%
No matching quizzes found
Score Distribution
Percent of People with Each Score
Percentile by Number Answered
Your Score History
You have not taken this quiz since the last reset